<?xml version="1.0" encoding="UTF-8"?><marc:collection xmlns:marc="http://www.loc.gov/MARC21/slim">
  <marc:record>
    <marc:leader>03563nas a2200565 c 4500</marc:leader>
    <marc:controlfield tag="001">010000461</marc:controlfield>
    <marc:controlfield tag="003">DE-101</marc:controlfield>
    <marc:controlfield tag="005">20251028051832.0</marc:controlfield>
    <marc:controlfield tag="007">tu</marc:controlfield>
    <marc:controlfield tag="008">991118c19359999ne u||p|  ||| 0||||1lat c</marc:controlfield>
    <marc:datafield tag="016" ind1="7" ind2=" ">
      <marc:subfield code="2">DE-600</marc:subfield>
      <marc:subfield code="a">63-2</marc:subfield>
    </marc:datafield>
    <marc:datafield tag="016" ind1="7" ind2=" ">
      <marc:subfield code="2">DE-101</marc:subfield>
      <marc:subfield code="a">010000461</marc:subfield>
    </marc:datafield>
    <marc:datafield tag="022" ind1=" " ind2=" ">
      <marc:subfield code="a">0001-5342</marc:subfield>
    </marc:datafield>
    <marc:datafield tag="030" ind1=" " ind2=" ">
      <marc:subfield code="a">ABIOA</marc:subfield>
    </marc:datafield>
    <marc:datafield tag="030" ind1=" " ind2=" ">
      <marc:subfield code="a">ABIOAN</marc:subfield>
    </marc:datafield>
    <marc:datafield tag="035" ind1=" " ind2=" ">
      <marc:subfield code="a">(DE-599)ZDB63-2</marc:subfield>
    </marc:datafield>
    <marc:datafield tag="035" ind1=" " ind2=" ">
      <marc:subfield code="a">(OCoLC)1367275997</marc:subfield>
    </marc:datafield>
    <marc:datafield tag="040" ind1=" " ind2=" ">
      <marc:subfield code="a">9001</marc:subfield>
      <marc:subfield code="b">ger</marc:subfield>
      <marc:subfield code="c">DE-101</marc:subfield>
      <marc:subfield code="d">9001</marc:subfield>
    </marc:datafield>
    <marc:datafield tag="041" ind1=" " ind2=" ">
      <marc:subfield code="a">lat</marc:subfield>
      <marc:subfield code="a">dut</marc:subfield>
    </marc:datafield>
    <marc:datafield tag="042" ind1=" " ind2=" ">
      <marc:subfield code="a">zdb</marc:subfield>
    </marc:datafield>
    <marc:datafield tag="044" ind1=" " ind2=" ">
      <marc:subfield code="c">XA-NL</marc:subfield>
    </marc:datafield>
    <marc:datafield tag="082" ind1="7" ind2="4">
      <marc:subfield code="a">570</marc:subfield>
      <marc:subfield code="q">DE-600</marc:subfield>
      <marc:subfield code="2">22sdnb</marc:subfield>
    </marc:datafield>
    <marc:datafield tag="084" ind1=" " ind2=" ">
      <marc:subfield code="a">12</marc:subfield>
      <marc:subfield code="2">ssgn</marc:subfield>
    </marc:datafield>
    <marc:datafield tag="084" ind1=" " ind2=" ">
      <marc:subfield code="a">BIODIV</marc:subfield>
      <marc:subfield code="q">DE-30</marc:subfield>
      <marc:subfield code="2">fid</marc:subfield>
    </marc:datafield>
    <marc:datafield tag="210" ind1="0" ind2="0">
      <marc:subfield code="a">Acta Biotheor (Leiden)</marc:subfield>
    </marc:datafield>
    <marc:datafield tag="210" ind1="0" ind2="0">
      <marc:subfield code="a">Acta Biotheor.</marc:subfield>
    </marc:datafield>
    <marc:datafield tag="245" ind1="0" ind2="0">
      <marc:subfield code="a">Acta biotheoretica</marc:subfield>
      <marc:subfield code="c">ed. C. J. van d. Klaauw [u.a.]</marc:subfield>
    </marc:datafield>
    <marc:datafield tag="246" ind1="3" ind2=" ">
      <marc:subfield code="a">Geschriften van de Prof. Dr. Jan van der Hoeven Stichting voor Theoretische Biologie van Dier en Mens / A / Acta biotheoretica</marc:subfield>
    </marc:datafield>
    <marc:datafield tag="246" ind1="3" ind2=" ">
      <marc:subfield code="a">Geschriften van de Prof. Dr. Jan van der Hoeven Stichting voor Theoretische Biologie van Dier en Mensch / B / Acta biotheoretica</marc:subfield>
    </marc:datafield>
    <marc:datafield tag="264" ind1="3" ind2="1">
      <marc:subfield code="a">Dordrecht [u.a.]</marc:subfield>
      <marc:subfield code="b">Springer</marc:subfield>
      <marc:subfield code="c">1935-</marc:subfield>
    </marc:datafield>
    <marc:datafield tag="264" ind1="2" ind2="1">
      <marc:subfield code="3">anfangs</marc:subfield>
      <marc:subfield code="a">Leiden</marc:subfield>
      <marc:subfield code="b">Brill</marc:subfield>
    </marc:datafield>
    <marc:datafield tag="336" ind1=" " ind2=" ">
      <marc:subfield code="a">Text</marc:subfield>
      <marc:subfield code="b">txt</marc:subfield>
      <marc:subfield code="2">rdacontent</marc:subfield>
    </marc:datafield>
    <marc:datafield tag="337" ind1=" " ind2=" ">
      <marc:subfield code="a">ohne Hilfsmittel zu benutzen</marc:subfield>
      <marc:subfield code="b">n</marc:subfield>
      <marc:subfield code="2">rdamedia</marc:subfield>
    </marc:datafield>
    <marc:datafield tag="338" ind1=" " ind2=" ">
      <marc:subfield code="a">Band</marc:subfield>
      <marc:subfield code="b">nc</marc:subfield>
      <marc:subfield code="2">rdacarrier</marc:subfield>
    </marc:datafield>
    <marc:datafield tag="362" ind1="0" ind2=" ">
      <marc:subfield code="a">1.1935 -</marc:subfield>
    </marc:datafield>
    <marc:datafield tag="363" ind1="0" ind2="1">
      <marc:subfield code="8">1.1\x</marc:subfield>
      <marc:subfield code="a">1</marc:subfield>
      <marc:subfield code="i">1935</marc:subfield>
    </marc:datafield>
    <marc:datafield tag="490" ind1="0" ind2=" ">
      <marc:subfield code="3">Bis 1975</marc:subfield>
      <marc:subfield code="a">Geschriften van de Prof. Dr. Jan van der Hoeven Stichting voor Theoretische Biologie van Dier en Mensch : Ser. A</marc:subfield>
    </marc:datafield>
    <marc:datafield tag="490" ind1="0" ind2=" ">
      <marc:subfield code="3">Bis 1966</marc:subfield>
      <marc:subfield code="a">Geschriften van de Prof. Dr. Jan van der Hoeven Stichting voor Theoretische Biologie van Dier en Mensch : Ser. B</marc:subfield>
    </marc:datafield>
    <marc:datafield tag="501" ind1=" " ind2=" ">
      <marc:subfield code="a">Ungezählte Beil.: Suppl.</marc:subfield>
    </marc:datafield>
    <marc:datafield tag="655" ind1=" " ind2="7">
      <marc:subfield code="0">(DE-588)4067488-5</marc:subfield>
      <marc:subfield code="0">https://d-nb.info/gnd/4067488-5</marc:subfield>
      <marc:subfield code="0">(DE-101)040674886</marc:subfield>
      <marc:subfield code="a">Zeitschrift</marc:subfield>
      <marc:subfield code="2">gnd-content</marc:subfield>
    </marc:datafield>
    <marc:datafield tag="710" ind1="2" ind2=" ">
      <marc:subfield code="0">(DE-588)2018410-4</marc:subfield>
      <marc:subfield code="0">https://d-nb.info/gnd/2018410-4</marc:subfield>
      <marc:subfield code="0">(DE-101)004766970</marc:subfield>
      <marc:subfield code="a">Professor Dokter Jan van der Hoeven Stichting voor Theoretische Biologie van Dier en Mens</marc:subfield>
      <marc:subfield code="e">Herausgebendes Organ</marc:subfield>
      <marc:subfield code="4">isb</marc:subfield>
      <marc:subfield code="2">gnd</marc:subfield>
    </marc:datafield>
    <marc:datafield tag="770" ind1="0" ind2="8">
      <marc:subfield code="i">Supplement</marc:subfield>
      <marc:subfield code="t">Bibliotheca biotheoretica</marc:subfield>
      <marc:subfield code="d">Leiden : Brill, 1941-1971</marc:subfield>
      <marc:subfield code="w">(DE-600)210265-1</marc:subfield>
      <marc:subfield code="w">(DE-101)011219289</marc:subfield>
    </marc:datafield>
    <marc:datafield tag="770" ind1="0" ind2="8">
      <marc:subfield code="i">Supplement</marc:subfield>
      <marc:subfield code="t">Folia biotheoretica</marc:subfield>
      <marc:subfield code="d">Leiden : Brill, 1936-1978</marc:subfield>
      <marc:subfield code="x">0920-2676</marc:subfield>
      <marc:subfield code="w">(DE-600)280735-X</marc:subfield>
      <marc:subfield code="w">(DE-101)011745002</marc:subfield>
    </marc:datafield>
    <marc:datafield tag="776" ind1="0" ind2="8">
      <marc:subfield code="i">Erscheint auch als</marc:subfield>
      <marc:subfield code="n">Online-Ausgabe</marc:subfield>
      <marc:subfield code="t">Acta biotheoretica</marc:subfield>
      <marc:subfield code="d">Dordrecht [u.a.] : Springer Science + Business Media B.V, 1935-</marc:subfield>
      <marc:subfield code="h">Online-Ressource</marc:subfield>
      <marc:subfield code="x">1572-8358</marc:subfield>
      <marc:subfield code="w">(DE-600)1478105-0</marc:subfield>
      <marc:subfield code="w">(DE-101)01971100X</marc:subfield>
    </marc:datafield>
    <marc:datafield tag="780" ind1="0" ind2="5">
      <marc:subfield code="i">Darin aufgegangen</marc:subfield>
      <marc:subfield code="t">Bibliographia biotheoretica</marc:subfield>
      <marc:subfield code="d">Leiden : Brill, 1938-1974</marc:subfield>
      <marc:subfield code="x">0920-2684</marc:subfield>
      <marc:subfield code="w">(DE-600)918-0</marc:subfield>
      <marc:subfield code="w">(DE-101)010009515</marc:subfield>
    </marc:datafield>
    <marc:datafield tag="787" ind1="0" ind2="8">
      <marc:subfield code="i">11,Suppl.1=7; 12,Suppl.1=8; 13,Suppl.1=9; 13,Suppl.2=10; 17,Suppl.1=11; 20,Suppl.1=12; 43,1/2=13; 43,4=14; 44,3/4=15; 45,3/4=16 von</marc:subfield>
      <marc:subfield code="t">Bibliotheca biotheoretica</marc:subfield>
      <marc:subfield code="d">Leiden : Brill, 1941-1971</marc:subfield>
      <marc:subfield code="w">(DE-600)210265-1</marc:subfield>
      <marc:subfield code="w">(DE-101)011219289</marc:subfield>
    </marc:datafield>
    <marc:datafield tag="787" ind1="0" ind2="8">
      <marc:subfield code="i">41,1/2=1991; 42,2/3=1992; 43,1/2=13; 43,4=14; 44,3/4=15; 45,3/4=16; 46,3=[17]; 47,3/4=18; 48,3/4=19; 49,4=[20]; 50,4=[21]; 53,4=[24]; 56,1/2=26 von</marc:subfield>
      <marc:subfield code="a">Société Française de Biologie Théorétique</marc:subfield>
      <marc:subfield code="t">Papers from the ... meeting of the French Society of Theoretical Biology</marc:subfield>
      <marc:subfield code="d">Dordrecht [u.a.] : Kluwer, 1993-</marc:subfield>
      <marc:subfield code="w">(DE-600)1206643-6</marc:subfield>
      <marc:subfield code="w">(DE-101)017334454</marc:subfield>
    </marc:datafield>
    <marc:datafield tag="787" ind1="0" ind2="8">
      <marc:subfield code="i">40,2/3=10 von</marc:subfield>
      <marc:subfield code="a">École de Biologie Théorique &lt;Paris&gt;</marc:subfield>
      <marc:subfield code="t">Proceedings of the ... conference of the School of Theoretical Biology</marc:subfield>
      <marc:subfield code="d">Dordrecht [u.a.] : Kluwer, 1992-</marc:subfield>
      <marc:subfield code="w">(DE-600)1206649-7</marc:subfield>
      <marc:subfield code="w">(DE-101)017334500</marc:subfield>
    </marc:datafield>
    <marc:datafield tag="787" ind1="0" ind2="8">
      <marc:subfield code="i">39,3/4=1989 von</marc:subfield>
      <marc:subfield code="a">Société Française de Biologie Théorétique</marc:subfield>
      <marc:subfield code="t">Papers from the ... seminar of the French Society of Theoretical Biology</marc:subfield>
      <marc:subfield code="d">Dordrecht [u.a.] : Kluwer, 1991-1991</marc:subfield>
      <marc:subfield code="w">(DE-600)1422891-9</marc:subfield>
      <marc:subfield code="w">(DE-101)019172982</marc:subfield>
    </marc:datafield>
    <marc:datafield tag="850" ind1=" " ind2=" ">
      <marc:subfield code="a">DE-101a</marc:subfield>
      <marc:subfield code="a">DE-101b</marc:subfield>
    </marc:datafield>
  </marc:record>
</marc:collection>
